| 000 | 00802nam a2200265Ia 4500 | ||
|---|---|---|---|
| 003 | OSt | ||
| 005 | 20221005024932.0 | ||
| 006 | a|||||r|||| 00| 0 | ||
| 007 | ta | ||
| 008 | 221004b |||||||| |||| 00| 0 ara d | ||
| 020 |
_a977052624X _c540.00 |
||
| 024 | _a161 | ||
| 037 |
_b410, 06/11/2012, Nadwi Publications _cTextual |
||
| 040 |
_aCRL _cCRL _bara |
||
| 041 |
_2ara _aara |
||
| 082 | _aR, 28Q0 | ||
| 100 |
_aKhazir Md. Ahmad Au. _9175535 |
||
| 245 | 0 | _aAl - tarkeeb wa al - dalalah wa al - siyaq | |
| 260 |
_aCairo _bMaktaba Al - Anjlu Al - Misriah Egypt _c2010 |
||
| 300 |
_a157p. _ccm. |
||
| 650 | _a PHILOSOPHY | ||
| 650 |
_aARABIC LANGUAGE _931794 |
||
| 942 |
_hR, 28Q0 _cTEXL _2cc |
||
| 999 |
_c933731 _d933731 |
||